Municipios con Mercadona (Cantabria) - Estadísticas

Estadísticas generales
  • Esta prueba ha sido intentada 110 veces
    20 desde el último reinicio
  • La puntuación promedio es 6 de 8
Estadísticas de respuestas
Provincia Municipio Población % Correcto
Cantabria Santander 175.425
100%
Torrelavega 51.796
94%
El Astillero 18.448
81%
Camargo 30.577
75%
Reinosa 8.570
75%
Laredo 10.698
69%
Cabezón de la Sal 8.226
50%
Medio Cudeyo 7.775
13%
No se encontraron pruebas coincidentes
Distribución de puntuación
Porcentaje de gente con cada puntuación
Porcentaje por número respondido
Historial de tus puntuaciones
No has intentado esta prueba desde el último reinicio